书目信息 |
| 题名: |
微积分
|
|
| 作者: | 尹逊波 , 尤超 , 李莉 编 | |
| 分册: | ||
| 出版信息: | 北京 机械工业出版社 2019.09 |
|
| 页数: | 226页 | |
| 开本: | 26cm | |
| 丛书名: | 名校名家基础学科系列 | |
| 单 册: | ||
| 中图分类: | O172 | |
| 科图分类: | ||
| 主题词: | 微积分--wei ji fen | |
| 电子资源: | ||
| ISBN: | 978-7-111-62160-7 | |
| 000 | 01303nam 2200289 450 | |
| 001 | 2057659117 | |
| 005 | 20201105160110.18 | |
| 010 | @a978-7-111-62160-7@dCNY45.00 | |
| 100 | @a20191023d2019 em y0chiy50 ea | |
| 101 | 0 | @achi |
| 102 | @aCN@b110000 | |
| 105 | @aa a 000yy | |
| 200 | 1 | @a微积分@Awei ji fen@e经济管理类@f尹逊波, 尤超, 李莉编 |
| 210 | @a北京@c机械工业出版社@d2019.09 | |
| 215 | @a226页@c图@d26cm | |
| 225 | 2 | @a名校名家基础学科系列@Aming xiao ming jia ji chu xue ke xi lie |
| 300 | @a“十三五”国家重点出版物出版规划项目 | |
| 320 | @a有书目 | |
| 330 | @a本书是“微积分”课程教材, 全书共分9章, 主要内容包括函数的极限与连续、导数与微分、微分中值定理与导数的应用、不定积分、定积分及其应用、多元函数微分学、二重积分、无穷级数、微分方程与差分方程等。教材注意与中学数学的衔接, 增加了中学数学教材中删去而学习微积分必备的知识点, 如幂函数、和差化积与积化和差公式、反三角函数等。另外, 除了包含教学基本要求的微积分在经济中的应用问题, 还增加了连续复利、现在值与将来值、供需模型、消费模型等经济管理类专业中的常用知识。 | |
| 410 | 0 | @12001 @a名校名家基础学科系列 |
| 606 | 0 | @a微积分@Awei ji fen |
| 690 | @aO172@v5 | |
| 701 | 0 | @a尹逊波@Ayin xun bo@4编 |
| 701 | 0 | @a尤超@Ayou chao@4编 |
| 701 | 0 | @a李莉@Ali li@4编 |
| 801 | 0 | @aCN@b人天书店@c20201005 |
| 905 | @aZUCC@dO172@eY602 | |
| 微积分:经济管理类/尹逊波, 尤超, 李莉编.-北京:机械工业出版社,2019.09 |
| 226页:图;26cm.-(名校名家基础学科系列) |
| “十三五”国家重点出版物出版规划项目 |
| ISBN 978-7-111-62160-7:CNY45.00 |
| 本书是“微积分”课程教材, 全书共分9章, 主要内容包括函数的极限与连续、导数与微分、微分中值定理与导数的应用、不定积分、定积分及其应用、多元函数微分学、二重积分、无穷级数、微分方程与差分方程等。教材注意与中学数学的衔接, 增加了中学数学教材中删去而学习微积分必备的知识点, 如幂函数、和差化积与积化和差公式、反三角函数等。另外, 除了包含教学基本要求的微积分在经济中的应用问题, 还增加了连续复利、现在值与将来值、供需模型、消费模型等经济管理类专业中的常用知识。 |
| ● |
| 相关链接 |
|
|
|
正题名:微积分
索取号:O172/Y602
 
预约/预借
| 序号 | 登录号 | 条形码 | 馆藏地/架位号 | 状态 | 备注 |
| 1 | 1479706 | 214797068 | 自科库401/401自科库 44排1列4层/ [索取号:O172/Y602] | 在馆 | |
| 2 | 1479707 | 214797077 | 自科库401/401自科库 44排1列4层/ [索取号:O172/Y602] | 在馆 |